000
00256nam a2200109Ia 4500
005
20251222152046.0
008
251222s9999||||xx |||||||||||||| ||spa||
020
_a
978-968-24-1142-7
082
_a
631.372/B45
245
0
_a
Tractores agrÃcolas
942
_c
LIB
999
_c
26238
_d
26238